000 00486nam a22001817a 4500
008 170407b xxu||||| |||| 00| p tur d
020 _a9754187517
041 _atur
050 _aPL248.N396
100 _aHikmet, Nâzım
_9360
245 _aNe Güzel Şey Hatırlamak Seni
_cNazım Hikmet
250 _a1. baskı
260 _aİstanbul
_bAdam Yayınları
_cMart 2003
300 _a140 sayfa
500 _aAdam Şiir Klasikleri
650 0 _9145
_aTürk Edebiyatı
942 _2lcc
_cBK
999 _c355
_d351